000 01430nam0a22003371 4500
001 rc\3262389
005 20250609201232.0
021 _aRU
_b[73-48723]
035 _a(NLR Aleph) 007484501
090 _a7551792
_c7551792
100 _a20130115d1973 |||y0rusy50 ca
101 0 _arus
102 _aRU
105 _aa z |||||
200 1 _aУзлы и элементы автоматизированной системы накопления и обработки информации
210 _a[Дубна
_cБ. и.
_d1973]
215 _a19 с.
_cчерт.
_d21
225 1 _a[Сообщения Объединенного института ядерных исследований]
_f[Лаб. ядерных проблем]
_v10-7075
300 _aПеред загл. авт.: А.П. Кустов, С.В. Медведь, И.А. Панько, Н.А. Чистов
320 _aСписок лит.: с. 19 (10 назв.)
606 _aАнализаторы многоканальные
_xРежим работы
_2psbo
606 _aЦифровые вычислительные машины
_xПрименение в ядерной физике
_2psbo
701 1 _aПанько
_bИ.А.
701 1 _aЧистов
_bН.А.
701 1 _aМедведь
_bС.В.
701 1 _aКустов
_bА.П.
801 0 _aRU
_bNLR
_gpsbo
801 1 _aRU
_bELAR
_2rusmarc
852 _aNLR
_jП11/2061
942 _cBOOK
980 _aNB